01078nam a2200193 a 450000100060000000300090000600800410001502000150005604000280007108200140009910000520011324500450016526000500021030000110026050505210027165000230079265000210081565000480083617089CO-ViMGA141112s2004 ck r 000 u spa d a8471148528 aCO-ViMGAbspacCO-ViMGA04a664 M137n1 aMadríd, Vicente Antonio; Madríd, Cenzano J.10aNormas de Calidad de alimentos y bebidas aMadríd (España), cMundi - prensa, c2000 a540.p. aNormas de caráter general para todo tipo de alimentos y bebidas Normas de calidad para la carne y productos cárnicos Normas de calidad para la leche y productos lácteos Normas de calidad para el pescado y los productos derivados Normas de calidad de conservas vegetales , zumos y derivados y platos preparados (cocinados), esterilizados Normas de calidad de aceites y grasas Normas de calidad de edulcorantes naturales y derivados Normas de calidad de legumbres (alubias, lentejas, guisantes, garbanzos, habas)14aALIMENTOS - NORMAS14aBEBIDAS - NORMAS14aINDUSTRIA DE ALIMENTOS - CONTROL DE CALIDAD